[Event "GRENKE Chess Open 2024"]
[Site "Karlsruhe"]
[Date "2024.03.31"]
[Round "7.21"]
[White "Weihrauch, Jakob"]
[Black "Svanda, Ondrej"]
[Result "0-1"]
[WhiteElo "2248"]
[BlackElo "2370"]
[Annotator "RC"]
[PlyCount "104"]
[EventDate "2024.03.28"]
[EventType "swiss"]
[EventCountry "GER"]
[SourceTitle "playchess.com"]
[Source "ChessBase"]
[SourceQuality "1"]

1. e4 c5 2. Nf3 d6 3. Bb5+ Bd7 4. c4 Nf6 5. Nc3 g6 6. O-O Bg7 7. Bxd7+ Qxd7 8. d4 cxd4 9. Qxd4 O-O 10. Rd1 Nc6 11. Qd3 Qc7 12. Bg5 Nb4 13. Qe2 h6 14. Be3 Rfc8 15. b3 Qa5 16. a3 Nc6 17. b4 Qh5 18. Rac1 Ng4 19. Bf4 g5 20. Bg3 Nge5 21. Nxe5 Qxe2 22. Nxe2 Nxe5 23. c5 dxc5 24. bxc5 Rd8 25. f3 Rac8 26. Rxd8+ Rxd8 27. Bxe5 Bxe5 28. c6 b6 29. Nc3 Rc8 30. Nd5 Kf8 31. Rc4 e6 32. Ne3 Bd6 33. Ng4 Bxa3 34. Nxh6 Bc5+ 35. Kf1 Rxc6 36. Ng4 Rd6 37. e5 Rd4 38. Rxd4 Bxd4 39. Ke2 f5 40. exf6 Kf7 41. Kd3 Bxf6 42. Kc4 a6 43. Nf2 Ke8 44. Nd3 Kd7 45. f4 gxf4 46. Nxf4 Kd6 47. Ng6 b5+ 48. Kd3 a5 49. Kc2 a4 50. Kb1 b4 51. Ka2 e5 52. g4 e4 0-1

[Event "GRENKE Chess Open 2024"]
[Site "Karlsruhe"]
[Date "2024.03.31"]
[Round "7.22"]
[White "Vogel, Roven"]
[Black "Samani, Yamac"]
[Result "1-0"]
[WhiteElo "2521"]
[BlackElo "2378"]
[Annotator "TA"]
[PlyCount "95"]
[EventDate "2024.03.28"]
[EventType "swiss"]
[EventCountry "GER"]
[SourceTitle "playchess.com"]
[Source "ChessBase"]
[SourceQuality "1"]

1. Nf3 Nf6 2. c4 g6 3. Nc3 Bg7 4. e4 d6 5. d4 O-O 6. Be2 e5 7. O-O Bg4 8. d5 a5 9. Be3 Na6 10. Nd2 Bd7 11. a3 h5 12. f3 Nh7 13. c5 Nxc5 14. b4 Na6 15. b5 Nc5 16. b6 cxb6 17. Nc4 Qc7 18. Rb1 Ra6 19. Nb5 Bxb5 20. Rxb5 Nf6 21. Bxc5 bxc5 22. Qb3 Rb8 23. Rb1 Ra7 24. Qa4 Nd7 25. Bf1 h4 26. g3 hxg3 27. hxg3 Bf8 28. Bh3 Nf6 29. Rxa5 b5 30. Rbxb5 Rxa5 31. Qxa5 Qxa5 32. Rxa5 Rb1+ 33. Kf2 Rc1 34. Bf1 Nh5 35. Be2 Rc2 36. Rb5 Ra2 37. Rb2 Ra1 38. Bd3 Rh1 39. Kg2 Rd1 40. Bb1 Rc1 41. Ba2 f5 42. a4 fxe4 43. fxe4 Rc3 44. a5 Rxg3+ 45. Kf2 Be7 46. a6 Bh4 47. Kf1 Nf4 48. a7 1-0

[Event "GRENKE Chess Open 2024"]
[Site "Karlsruhe"]
[Date "2024.03.31"]
[Round "7.22"]
[White "Dahl, Christoph"]
[Black "Kurmangaliyeva, Liya"]
[Result "1-0"]
[WhiteElo "2367"]
[BlackElo "2240"]
[Annotator "RC"]
[PlyCount "59"]
[EventDate "2024.03.28"]
[EventType "swiss"]
[EventCountry "GER"]
[SourceTitle "playchess.com"]
[Source "ChessBase"]
[SourceQuality "1"]

1. e4 c5 2. Nf3 e6 3. d4 cxd4 4. Nxd4 Nc6 5. Nc3 Qc7 6. Be3 a6 7. Qf3 b5 8. Nxc6 Qxc6 9. Bd3 Bb7 10. Bd4 d6 11. a3 e5 12. Be3 Nf6 13. O-O-O Qc8 14. h3 h5 15. Kb1 Be7 16. Rhg1 Qe6 17. g4 hxg4 18. hxg4 g6 19. g5 Nh5 20. Bf1 Kf8 21. Rh1 Kg7 22. Bh3 f5 23. gxf6+ Qxf6 24. Qg2 Rh7 25. Rdg1 Kf7 26. Nd5 Bxd5 27. exd5 Kg7 28. Be6 Rah8 29. Rh4 g5 30. Bxg5 1-0

[Event "GRENKE Chess Open 2024"]
[Site "Karlsruhe"]
[Date "2024.03.31"]
[Round "7.23"]
[White "Sarrau, Jelle"]
[Black "Parkhov, Yair"]
[Result "1/2-1/2"]
[WhiteElo "2375"]
[BlackElo "2518"]
[Annotator "TA"]
[PlyCount "46"]
[EventDate "2024.03.28"]
[EventType "swiss"]
[EventCountry "GER"]
[SourceTitle "playchess.com"]
[Source "ChessBase"]
[SourceQuality "1"]

1. e4 c5 2. Nf3 d6 3. Bb5+ Nd7 4. c3 Ngf6 5. Qe2 a6 6. Ba4 b5 7. Bc2 e5 8. d4 Be7 9. O-O O-O 10. Rd1 Qc7 11. d5 c4 12. b3 a5 13. h3 cxb3 14. axb3 b4 15. Be3 Ba6 16. Bd3 Bxd3 17. Qxd3 Nc5 18. Bxc5 Qxc5 19. cxb4 axb4 20. Nbd2 Qc3 21. Qb1 Rxa1 22. Qxa1 Rc8 23. Qa6 Qc5 1/2-1/2

[Event "GRENKE Chess Open 2024"]
[Site "Karlsruhe"]
[Date "2024.03.31"]
[Round "7.23"]
[White "Huber, Benedikt"]
[Black "Ertan, Can"]
[Result "1/2-1/2"]
[WhiteElo "2247"]
[BlackElo "2363"]
[Annotator "RC"]
[PlyCount "96"]
[EventDate "2024.03.28"]
[EventType "swiss"]
[EventCountry "GER"]
[SourceTitle "playchess.com"]
[Source "ChessBase"]
[SourceQuality "1"]

1. e4 e5 2. Nf3 Nc6 3. Bb5 a6 4. Ba4 Nf6 5. d3 Bc5 6. Bxc6 dxc6 7. Nbd2 Be6 8. O-O Qd6 9. b3 h5 10. Nc4 Bxc4 11. bxc4 O-O-O 12. Be3 Ng4 13. Bxc5 Qxc5 14. h3 f5 15. Nd2 Nf6 16. Nb3 Qb4 17. exf5 e4 18. Qe1 Qxe1 19. Rfxe1 exd3 20. cxd3 Rxd3 21. Re7 Rd7 22. Rae1 b6 23. Rxd7 Kxd7 24. Nd4 c5 25. Ne6 Rg8 26. Rd1+ Kc8 27. Nf4 Re8 28. f3 h4 29. Ng6 Re2 30. Nxh4 Nh5 31. Ng6 Ng3 32. Rd5 Rxa2 33. Ne7+ Kb7 34. Rd7 Ne2+ 35. Kh2 Nd4 36. Nd5 Nxf3+ 37. Kg3 Nd4 38. Rxc7+ Kb8 39. Rf7 b5 40. Kf4 Rxg2 41. Ke5 Rg5 42. Rf8+ Kb7 43. Rf7+ Kb8 44. Rf8+ Kb7 45. Rf7+ Kc8 46. Kd6 bxc4 47. Rf8+ Kb7 48. Rf7+ Kb8 1/2-1/2

[Event "GRENKE Chess Open 2024"]
[Site "Karlsruhe"]
[Date "2024.03.31"]
[Round "7.23"]
[White "Michalczak, Thomas"]
[Black "Reimann, Sebastian"]
[Result "1/2-1/2"]
[WhiteElo "2188"]
[BlackElo "2348"]
[Annotator "ChessBase"]
[PlyCount "64"]
[EventDate "2024.03.28"]
[EventType "swiss"]
[EventCountry "GER"]
[SourceTitle "playchess.com"]
[Source "ChessBase"]
[SourceQuality "1"]

1. d4 d5 2. Nf3 Nf6 3. c3 e6 4. Bg5 c5 5. e3 Qb6 6. Qb3 Ne4 7. Bh4 c4 8. Qc2 Nc6 9. Nbd2 Nxd2 10. Nxd2 e5 11. Be2 exd4 12. exd4 Ne7 13. O-O Bf5 14. Qa4+ Qc6 15. Qxc6+ bxc6 16. b3 cxb3 17. axb3 Ng6 18. Bg3 h5 19. Ba6 Bc8 20. Bxc8 Rxc8 21. Rfe1+ Kd8 22. h3 h4 23. Bh2 c5 24. Rxa7 cxd4 25. c4 Bb4 26. Rd1 Bxd2 27. Rxd2 Re8 28. Kf1 Re7 29. Rxe7 Kxe7 30. Rxd4 dxc4 31. bxc4 Ra8 32. Ke2 Ra4 1/2-1/2

[Event "GRENKE Chess Open 2024"]
[Site "Karlsruhe"]
[Date "2024.03.31"]
[Round "7.24"]
[White "De Schampheleire, Glen"]
[Black "Gharibyan, Mamikon"]
[Result "1/2-1/2"]
[WhiteElo "2373"]
[BlackElo "2499"]
[Annotator "TA"]
[PlyCount "48"]
[EventDate "2024.03.28"]
[EventType "swiss"]
[EventCountry "GER"]
[SourceTitle "playchess.com"]
[Source "ChessBase"]
[SourceQuality "1"]

1. d4 Nf6 2. c4 e6 3. Nf3 d5 4. g3 Bb4+ 5. Bd2 a5 6. Bg2 O-O 7. Qc1 Be7 8. O-O c6 9. Bf4 Nbd7 10. Rd1 a4 11. Qc2 Qa5 12. Ne5 Nxe5 13. Bxe5 b5 14. c5 Nd7 15. Bf4 f5 16. Nd2 g5 17. Bd6 Bxd6 18. cxd6 Ra6 19. Nf3 g4 20. Ne5 Qb4 21. Qc1 Qxd6 22. Qg5+ Kh8 23. Ng6+ hxg6 24. Qh6+ Kg8 1/2-1/2

[Event "GRENKE Chess Open 2024"]
[Site "Karlsruhe"]
[Date "2024.03.31"]
[Round "7.24"]
[White "Reprintsev, Alexander"]
[Black "Seul, Georg"]
[Result "0-1"]
[WhiteElo "2241"]
[BlackElo "2359"]
[Annotator "ChessBase"]
[PlyCount "74"]
[EventDate "2024.03.28"]
[EventType "swiss"]
[EventCountry "GER"]
[SourceTitle "playchess.com"]
[Source "ChessBase"]
[SourceQuality "1"]

1. e4 c6 2. Nc3 d5 3. Nf3 g6 4. d4 Bg7 5. h3 Nh6 6. Be2 f6 7. O-O Nf7 8. Re1 O-O 9. Bf1 Na6 10. a4 Nc7 11. a5 e5 12. dxe5 fxe5 13. Bd2 Kh8 14. Qc1 Ne6 15. a6 b6 16. exd5 cxd5 17. Nb5 Bd7 18. Bb4 Nc5 19. Qe3 d4 20. Qa3 Bc6 21. Bxc5 bxc5 22. Qxc5 Bxf3 23. gxf3 Rc8 24. Qxa7 Rxc2 25. Qb7 Qh4 26. Re2 Rxe2 27. Bxe2 Ng5 28. Qd7 Nxh3+ 29. Qxh3 Qxh3 30. a7 Qc8 31. Nd6 Qc6 32. Ra6 Qc1+ 33. Kg2 Ra8 34. Bc4 Bf8 35. Nf7+ Kg7 36. Bd5 Qc8 37. Ra5 Qc7 0-1

[Event "GRENKE Chess Open 2024"]
[Site "Karlsruhe"]
[Date "2024.03.31"]
[Round "7.25"]
[White "Costa, Leonardo"]
[Black "Elgersma, Onno"]
[Result "1-0"]
[WhiteElo "2479"]
[BlackElo "2351"]
[Annotator "TA"]
[PlyCount "91"]
[EventDate "2024.03.28"]
[EventType "swiss"]
[EventCountry "GER"]
[SourceTitle "playchess.com"]
[Source "ChessBase"]
[SourceQuality "1"]

1. e4 e6 2. d4 d5 3. e5 c5 4. c3 Nc6 5. Nf3 Qb6 6. a3 c4 7. Nbd2 Na5 8. Rb1 Bd7 9. h4 h6 10. h5 Ne7 11. b4 cxb3 12. Nxb3 Nxb3 13. Nd2 Ba4 14. Nxb3 Nc6 15. Bd3 Na5 16. Bc2 Nxb3 17. Bxb3 Bxb3 18. Rxb3 Qa6 19. Rh3 O-O-O 20. Rf3 Rd7 21. Rb1 Rc7 22. Qb3 Rg8 23. a4 Qc6 24. Qb5 Qxb5 25. axb5 b6 26. Ke2 Kd8 27. Bd2 Ke8 28. Rg3 g5 29. f4 g4 30. f5 exf5 31. Rf1 Be7 32. Rxf5 Bh4 33. Rd3 Rh8 34. Rf1 Ke7 35. Rh1 Bg5 36. Bxg5+ hxg5 37. Kf2 Ke6 38. Kg3 Rc4 39. Kxg4 Ra4 40. Rf3 Ra2 41. Rf6+ Ke7 42. g3 Re2 43. h6 Re4+ 44. Kf5 Re3 45. Rc6 Kd7 46. h7 1-0

[Event "GRENKE Chess Open 2024"]
[Site "Karlsruhe"]
[Date "2024.03.31"]
[Round "7.25"]
[White "Culum, Sanjin"]
[Black "Suliborski, Jakub"]
[Result "1-0"]
[WhiteElo "2359"]
[BlackElo "2232"]
[Annotator "RC"]
[PlyCount "95"]
[EventDate "2024.03.28"]
[EventType "swiss"]
[EventCountry "GER"]
[SourceTitle "playchess.com"]
[Source "ChessBase"]
[SourceQuality "1"]

1. e4 c5 2. Nf3 e6 3. d4 cxd4 4. Nxd4 Nc6 5. Nc3 Qc7 6. Be2 a6 7. Nxc6 bxc6 8. Qd3 d5 9. Qg3 Qxg3 10. hxg3 Nf6 11. g4 Bb4 12. Bd2 a5 13. a3 Be7 14. f3 Ba6 15. Bxa6 Rxa6 16. O-O-O Nd7 17. Rh3 f6 18. Rhh1 Kf7 19. Kb1 a4 20. Bc1 Ne5 21. Ka2 Nc4 22. f4 Rd8 23. f5 exf5 24. gxf5 d4 25. Ne2 c5 26. Rxh7 Rb8 27. Nf4 Rab6 28. Ne6 Bf8 29. Nxf8 Kxf8 30. Rh8+ Kf7 31. Rxb8 Rxb8 32. Re1 Rh8 33. b3 axb3+ 34. cxb3 Ne5 35. Bb2 Rh2 36. Re2 Rh1 37. Rc2 Re1 38. Rxc5 Re2 39. Ka1 Nd3 40. Rc7+ Ke8 41. Bxd4 Re1+ 42. Ka2 Rxe4 43. Rc4 Kd7 44. a4 Kd6 45. a5 Rf4 46. a6 Rxf5 47. a7 Ra5+ 48. Ra4 1-0

[Event "GRENKE Chess Open 2024"]
[Site "Karlsruhe"]
[Date "2024.03.31"]
[Round "7.26"]
[White "Tokhirjonova, Gulrukhbegim"]
[Black "Dann, Matthias"]
[Result "1-0"]
[WhiteElo "2365"]
[BlackElo "2476"]
[Annotator "TA"]
[PlyCount "109"]
[EventDate "2024.03.28"]
[EventType "swiss"]
[EventCountry "GER"]
[SourceTitle "playchess.com"]
[Source "ChessBase"]
[SourceQuality "1"]

1. d4 Nf6 2. c4 e6 3. g3 d5 4. Bg2 a6 5. Nf3 dxc4 6. a4 c5 7. O-O Nc6 8. e3 Rb8 9. Qe2 b5 10. axb5 axb5 11. dxc5 Bxc5 12. b3 Qd3 13. Qxd3 cxd3 14. Bb2 Bb7 15. Rc1 Bd6 16. Ne1 Ne7 17. Bxb7 Rxb7 18. Ra8+ Bb8 19. Nxd3 O-O 20. Nc5 Rc7 21. Na3 Nd7 22. Nxd7 Rxd7 23. Nxb5 Rb7 24. Ba3 Rxb5 25. Bxe7 Re8 26. b4 f6 27. Bc5 Kf7 28. Kf1 h5 29. Ke2 g5 30. Rd1 Rb7 31. Kd3 Rd8+ 32. Kc2 Rc8 33. Rd4 g4 34. Rc4 f5 35. Kb3 h4 36. gxh4 Rg8 37. Rd4 Bxh2 38. Rxg8 Kxg8 39. Kc4 Bg1 40. Rd2 e5 41. b5 f4 42. exf4 exf4 43. b6 Kh7 44. Kb5 Kg6 45. Kc6 Rb8 46. Kc7 Rh8 47. b7 g3 48. b8=Q Rxb8 49. Kxb8 f3 50. Rd1 Bh2 51. fxg3 Bxg3+ 52. Kc8 Kh5 53. Rf1 Kg4 54. Bf2 Kxh4 55. Rh1+ 1-0

[Event "GRENKE Chess Open 2024"]
[Site "Karlsruhe"]
[Date "2024.03.31"]
[Round "7.26"]
[White "Zackrisson, Peter"]
[Black "Kruckenhauser, Arthur"]
[Result "0-1"]
[WhiteElo "2217"]
[BlackElo "2355"]
[Annotator "RC"]
[PlyCount "57"]
[EventDate "2024.03.28"]
[EventType "swiss"]
[EventCountry "GER"]
[SourceTitle "playchess.com"]
[Source "ChessBase"]
[SourceQuality "1"]

1. e4 c5 2. Nf3 g6 3. d4 cxd4 4. Nxd4 Nc6 5. Nc3 Bg7 6. Be3 Nf6 7. Bc4 O-O 8. Bb3 d6 9. f3 Bd7 10. Qd2 Qa5 11. O-O-O Rfc8 12. g4 Ne5 13. Kb1 b5 14. Bh6 Bxh6 15. Qxh6 Rxc3 16. bxc3 Qxc3 17. Qd2 Qc5 18. Rhe1 a5 19. g5 Nh5 20. f4 Nc4 21. Bxc4 bxc4 22. Ne2 Bg4 23. Ka1 Bxe2 24. Rxe2 c3 25. Qd5 Rc8 26. Qxc5 Rxc5 27. Rd5 Rc4 28. Rxa5 Nxf4 29. Re3 0-1

[Event "GRENKE Chess Open 2024"]
[Site "Karlsruhe"]
[Date "2024.03.31"]
[Round "7.26"]
[White "Sustov, Savva"]
[Black "Golubovic, Boris"]
[Result "0-1"]
[WhiteElo "2178"]
[BlackElo "2329"]
[Annotator "RC"]
[PlyCount "98"]
[EventDate "2024.03.28"]
[EventType "swiss"]
[EventCountry "GER"]
[SourceTitle "playchess.com"]
[Source "ChessBase"]
[SourceQuality "1"]

1. e4 c6 2. d4 d5 3. e5 c5 4. c3 Nc6 5. Be2 Bf5 6. Nf3 e6 7. a3 Nge7 8. b4 cxd4 9. cxd4 Nc8 10. O-O Be7 11. Be3 O-O 12. Nbd2 Nb6 13. Rc1 a5 14. b5 Nb8 15. a4 N8d7 16. Qb3 Rc8 17. Rfd1 h6 18. Ne1 Bb4 19. Nd3 Bxd2 20. Bxd2 Nc4 21. Be1 f6 22. f4 Kh8 23. Nc5 fxe5 24. Nxd7 Qxd7 25. dxe5 Qc7 26. Bf2 Be4 27. g3 Qf7 28. Bxc4 dxc4 29. Qc3 Qg6 30. Be3 Qg4 31. Rf1 Rfd8 32. Bd4 Rd5 33. Qe3 Qf5 34. Rfe1 Bc2 35. Ra1 Bb3 36. Qf2 Qd3 37. Bb6 c3 38. f5 Qxf5 39. Qxf5 exf5 40. e6 c2 41. e7 Re8 42. Bxa5 Rd1 43. Bb4 Bxa4 44. Kf2 Kg8 45. Ba3 Kf7 46. Bc1 Rxe7 47. Rxe7+ Kxe7 48. Rxa4 Rxc1 49. Rc4 Rh1 0-1

[Event "GRENKE Chess Open 2024"]
[Site "Karlsruhe"]
[Date "2024.03.31"]
[Round "7.27"]
[White "Feuerstack, Aljoscha"]
[Black "Ehmann, Thilo"]
[Result "1-0"]
[WhiteElo "2471"]
[BlackElo "2349"]
[Annotator "TA"]
[PlyCount "53"]
[EventDate "2024.03.28"]
[EventType "swiss"]
[EventCountry "GER"]
[SourceTitle "playchess.com"]
[Source "ChessBase"]
[SourceQuality "1"]

1. e4 c5 2. c3 Qa5 3. Nf3 d6 4. Na3 Nf6 5. Nc4 Qd8 6. e5 dxe5 7. Ncxe5 Nc6 8. Bb5 Bd7 9. Nxd7 Nxd7 10. d4 cxd4 11. Nxd4 Nxd4 12. Qxd4 a6 13. Ba4 b5 14. Bc2 Nf6 15. Qxd8+ Rxd8 16. a4 b4 17. a5 e5 18. Ba4+ Nd7 19. Be3 Bd6 20. Bb6 Rc8 21. O-O-O Ke7 22. Rxd6 Kxd6 23. Rd1+ Ke7 24. Rxd7+ Kf6 25. Rd6+ Ke7 26. Rd7+ Kf6 27. Kc2 1-0

[Event "GRENKE Chess Open 2024"]
[Site "Karlsruhe"]
[Date "2024.03.31"]
[Round "7.27"]
[White "Paltrinieri, Nicholas"]
[Black "Pipiras, Filipa Fortuna"]
[Result "1/2-1/2"]
[WhiteElo "2355"]
[BlackElo "2207"]
[Annotator "RC"]
[PlyCount "97"]
[EventDate "2024.03.28"]
[EventType "swiss"]
[EventCountry "GER"]
[SourceTitle "playchess.com"]
[Source "ChessBase"]
[SourceQuality "1"]

1. d4 d5 2. Bf4 Nf6 3. Nc3 a6 4. e3 e6 5. Nf3 c5 6. Be2 Bd6 7. O-O O-O 8. Rc1 b6 9. Bxd6 Qxd6 10. dxc5 bxc5 11. Na4 Bb7 12. c4 Nbd7 13. cxd5 exd5 14. Qb3 Bc6 15. Nxc5 Nxc5 16. Qc2 Rfb8 17. Qxc5 Qxc5 18. Rxc5 Rxb2 19. Nd4 Bb5 20. Rfc1 g6 21. R5c2 Rxc2 22. Rxc2 Bxe2 23. Nxe2 Rb8 24. f3 a5 25. Kf2 a4 26. Rc6 Nd7 27. Rd6 Nb6 28. g4 a3 29. Nc3 Rc8 30. Nxd5 Rc2+ 31. Kg3 Nxd5 32. Rxd5 Rxa2 33. Ra5 Ra1 34. e4 Rg1+ 35. Kf4 Rh1 36. Kg3 Rg1+ 37. Kh3 Ra1 38. Ra7 Kg7 39. e5 Re1 40. f4 g5 41. fxg5 Rxe5 42. Rxa3 Rxg5 43. Kh4 Rb5 44. Kg3 h5 45. Ra4 Rb3+ 46. Kh4 hxg4 47. Rxg4+ Kh6 48. Ra4 Rb6 49. Kg4 1/2-1/2

[Event "GRENKE Chess Open 2024"]
[Site "Karlsruhe"]
[Date "2024.03.31"]
[Round "7.28"]
[White "Krastev, Alexander"]
[Black "Baranciuc, Alexandr"]
[Result "1-0"]
[WhiteElo "2457"]
[BlackElo "2336"]
[Annotator "TA"]
[PlyCount "35"]
[EventDate "2024.03.28"]
[EventType "swiss"]
[EventCountry "GER"]
[SourceTitle "playchess.com"]
[Source "ChessBase"]
[SourceQuality "1"]

1. e4 e6 2. d3 d5 3. Qe2 dxe4 4. dxe4 e5 5. Bd2 c6 6. Nc3 Qc7 7. O-O-O Be6 8. g3 Nd7 9. f4 f6 10. Bh3 Bxh3 11. Qh5+ g6 12. Qxh3 O-O-O 13. Nf3 Bd6 14. fxe5 Bxe5 15. Nxe5 Qxe5 16. Bf4 Qe8 17. Rd3 h5 18. Nb5 1-0

[Event "GRENKE Chess Open 2024"]
[Site "Karlsruhe"]
[Date "2024.03.31"]
[Round "7.28"]
[White "Kopylov, Michael"]
[Black "Stoettner, Lukas"]
[Result "1-0"]
[WhiteElo "2352"]
[BlackElo "2201"]
[Annotator "RC"]
[PlyCount "35"]
[EventDate "2024.03.28"]
[EventType "swiss"]
[EventCountry "GER"]
[SourceTitle "playchess.com"]
[Source "ChessBase"]
[SourceQuality "1"]

1. d4 d5 2. c4 e6 3. Nf3 Nf6 4. g3 Be7 5. Bg2 O-O 6. Qc2 a6 7. Nbd2 c5 8. dxc5 d4 9. O-O Nc6 10. Rd1 e5 11. Ne4 Nxe4 12. Qxe4 Be6 13. Nxe5 Nxe5 14. Qxe5 Qc8 15. Qxd4 Rd8 16. Bd5 Bxd5 17. cxd5 Re8 18. Qe3 1-0

[Event "GRENKE Chess Open 2024"]
[Site "Karlsruhe"]
[Date "2024.03.31"]
[Round "7.28"]
[White "Chittka, Julius"]
[Black "Milat, Marcel"]
[Result "1/2-1/2"]
[WhiteElo "2326"]
[BlackElo "2170"]
[Annotator "ChessBase"]
[PlyCount "49"]
[EventDate "2024.03.28"]
[EventType "swiss"]
[EventCountry "GER"]
[SourceTitle "playchess.com"]
[Source "ChessBase"]
[SourceQuality "1"]

1. d4 Nf6 2. Nf3 g6 3. Nbd2 d5 4. b4 Bg7 5. Bb2 O-O 6. e3 b6 7. b5 Nbd7 8. c4 Bb7 9. cxd5 Bxd5 10. Bd3 e5 11. Qc2 Re8 12. dxe5 Ng4 13. O-O Ndxe5 14. Be2 Qd6 15. Nxe5 Nxe5 16. Rac1 Rac8 17. Bd4 c5 18. bxc6 Nxc6 19. Bxg7 Kxg7 20. Bf3 Bxf3 21. Nxf3 Qb4 22. Rb1 Qe7 23. Qa4 Rc7 24. Rbc1 Rec8 25. h3 1/2-1/2

[Event "GRENKE Chess Open 2024"]
[Site "Karlsruhe"]
[Date "2024.03.31"]
[Round "7.29"]
[White "Dobrikov, Marco"]
[Black "Koellner, Ruben Gideon"]
[Result "0-1"]
[WhiteElo "2362"]
[BlackElo "2453"]
[Annotator "RC"]
[PlyCount "116"]
[EventDate "2024.03.28"]
[EventType "swiss"]
[EventCountry "GER"]
[SourceTitle "playchess.com"]
[Source "ChessBase"]
[SourceQuality "1"]

1. e4 d6 2. d4 Nf6 3. Nc3 e5 4. Nf3 Nbd7 5. Bc4 Be7 6. O-O Nb6 7. Be2 exd4 8. Nxd4 O-O 9. a4 a5 10. f4 Ne8 11. Nd5 Nxd5 12. exd5 Nf6 13. Bf3 Nd7 14. b3 Bf6 15. Bb2 Nc5 16. Qd2 Bd7 17. Rae1 Re8 18. Rxe8+ Qxe8 19. Re1 Qf8 20. h3 b6 21. Bg4 Bxg4 22. hxg4 h6 23. Qe3 g6 24. Bc3 Qg7 25. Nb5 Bxc3 26. Nxc3 Rc8 27. Nb5 Qf6 28. g3 Na6 29. Kg2 Nb4 30. Qe4 Kg7 31. Qc4 c6 32. Na7 Rc7 33. Nxc6 Nxc6 34. dxc6 d5 35. Qxd5 Rxc6 36. Re2 Rc5 37. Qe4 Qc3 38. Kf2 Rc6 39. Qe3 Qxe3+ 40. Kxe3 Rc3+ 41. Kd4 Rxg3 42. Kc4 Rxg4 43. Kb5 Rxf4 44. Kxb6 f5 45. Kxa5 Re4 46. Rf2 f4 47. b4 g5 48. b5 g4 49. b6 g3 50. Rg2 h5 51. b7 Re8 52. c4 h4 53. c5 f3 54. Rxg3+ hxg3 55. c6 g2 56. c7 g1=Q 57. c8=Q Qe1+ 58. Kb6 Qe6+ 0-1

[Event "GRENKE Chess Open 2024"]
[Site "Karlsruhe"]
[Date "2024.03.31"]
[Round "7.29"]
[White "Kuhn, Clement"]
[Black "Cofmann, Veaceslav"]
[Result "1/2-1/2"]
[WhiteElo "2349"]
[BlackElo "2205"]
[Annotator "ChessBase"]
[PlyCount "103"]
[EventDate "2024.03.28"]
[EventType "swiss"]
[EventCountry "GER"]
[SourceTitle "playchess.com"]
[Source "ChessBase"]
[SourceQuality "1"]

1. d4 d5 2. c4 e6 3. Nf3 Nf6 4. g3 Bb4+ 5. Bd2 Be7 6. Bg2 O-O 7. O-O c6 8. Qc2 Nbd7 9. Rd1 a5 10. Bf4 a4 11. Ne5 Qa5 12. Nc3 a3 13. b3 Bb4 14. Rac1 Nxe5 15. Bxe5 Ng4 16. Bf4 f5 17. f3 Nf6 18. c5 Nd7 19. Na4 Qd8 20. e4 Ba5 21. e5 Bb4 22. Kh1 Rf7 23. Bf1 Ra7 24. Bd3 Nf8 25. Bd2 Bxd2 26. Qxd2 Bd7 27. Rc2 Be8 28. Rg1 g5 29. h4 Rg7 30. g4 fxg4 31. Rxg4 Bh5 32. Rxg5 Bxf3+ 33. Kh2 Rxg5 34. hxg5 Ra8 35. Nb6 Rb8 36. Qf4 Bh5 37. Qf6 Qc7 38. Rf2 Re8 39. Qh6 Bg6 40. Bxg6 Nxg6 41. Rf6 Nxe5 42. dxe5 Qxe5+ 43. Kg2 Qe2+ 44. Kg1 Qe1+ 45. Rf1 Qe3+ 46. Rf2 Qe1+ 47. Kg2 Qe4+ 48. Kf1 Qb1+ 49. Ke2 Qc2+ 50. Kf3 Qe4+ 51. Kg3 Qe3+ 52. Kg2 1/2-1/2

[Event "GRENKE Chess Open 2024"]
[Site "Karlsruhe"]
[Date "2024.03.31"]
[Round "7.30"]
[White "Wenninger, Philipp"]
[Black "Nurgali, Nazerke"]
[Result "1/2-1/2"]
[WhiteElo "2348"]
[BlackElo "2190"]
[Annotator "ChessBase"]
[PlyCount "99"]
[EventDate "2024.03.28"]
[EventType "swiss"]
[EventCountry "GER"]
[SourceTitle "playchess.com"]
[Source "ChessBase"]
[SourceQuality "1"]

1. e4 e6 2. d4 d5 3. Nd2 a6 4. Bd3 c5 5. dxc5 Bxc5 6. Ngf3 Nc6 7. Qe2 Nf6 8. Nb3 Ba7 9. O-O dxe4 10. Bxe4 Nxe4 11. Qxe4 O-O 12. Be3 Bxe3 13. Qxe3 Qc7 14. Qe4 h6 15. Rfe1 Bd7 16. Rad1 Rad8 17. Nc5 Bc8 18. Nd3 Ne7 19. c4 b6 20. b3 Bb7 21. Qe5 Qc8 22. Qe3 Qc7 23. Qe5 Qd7 24. Rd2 Bxf3 25. gxf3 Qc6 26. Qe4 Rd6 27. Qxc6 Nxc6 28. Red1 Rfd8 29. Kf1 Kf8 30. Ke2 Ke7 31. Ke3 a5 32. f4 f6 33. c5 bxc5 34. Nxc5 Rxd2 35. Rxd2 Rxd2 36. Kxd2 Kd6 37. Na4 Kd5 38. Ke3 f5 39. h4 h5 40. a3 Ne7 41. Nb6+ Kc6 42. Nc4 Nd5+ 43. Kf3 Kb5 44. Nd6+ Kc5 45. Nb7+ Kb5 46. Nd6+ Kc5 47. Nb7+ Kb6 48. Nd8 Nc7 49. Ke3 Nd5+ 50. Kf3 1/2-1/2

[Event "GRENKE Chess Open 2024"]
[Site "Karlsruhe"]
[Date "2024.03.31"]
[Round "7.30"]
[White "Lewtak, Damian"]
[Black "Buckels, Valentin"]
[Result "1/2-1/2"]
[WhiteElo "2343"]
[BlackElo "2450"]
[Annotator "TA"]
[PlyCount "110"]
[EventDate "2024.03.28"]
[EventType "swiss"]
[EventCountry "GER"]
[SourceTitle "playchess.com"]
[Source "ChessBase"]
[SourceQuality "1"]

1. e4 e5 2. Nf3 Nc6 3. Bc4 Bc5 4. c3 Nf6 5. d3 a6 6. a4 Ba7 7. b4 O-O 8. O-O b5 9. Bd5 Nxd5 10. exd5 Ne7 11. axb5 Nxd5 12. bxa6 d6 13. Qb3 c6 14. c4 Nc7 15. b5 cxb5 16. cxb5 Rb8 17. Nc3 Bxa6 18. Qc2 Nxb5 19. Nxb5 Bxb5 20. Rxa7 e4 21. dxe4 Bxf1 22. Kxf1 Qb6 23. Ra1 Qb5+ 24. Kg1 Rfc8 25. Qd2 h6 26. h3 Qb4 27. Kh2 Qxe4 28. Qxd6 Rb5 29. Be3 Rd5 30. Qb6 Rd7 31. Ra5 Qb7 32. Qxb7 Rxb7 33. Nd4 Rd7 34. Nf5 Kh7 35. h4 Re8 36. g4 Re4 37. Kg3 g6 38. Nxh6 Rxe3+ 39. fxe3 Kxh6 40. Ra6 Kg7 41. Kf4 Rd1 42. h5 Rf1+ 43. Kg5 gxh5 44. gxh5 Rg1+ 45. Kf5 Rh1 46. Kg5 Rg1+ 47. Kf4 Rh1 48. Ra5 Kh6 49. Rf5 Rf1+ 50. Ke5 Rxf5+ 51. Kxf5 Kxh5 52. e4 Kh4 53. e5 Kg3 54. Kf6 Kf4 55. Kxf7 Kxe5 1/2-1/2

[Event "GRENKE Chess Open 2024"]
[Site "Karlsruhe"]
[Date "2024.03.31"]
[Round "7.30"]
[White "Wiechert, Hans"]
[Black "Van Dael, Siem"]
[Result "0-1"]
[WhiteElo "2167"]
[BlackElo "2320"]
[Annotator "RC"]
[PlyCount "62"]
[EventDate "2024.03.28"]
[EventType "swiss"]
[EventCountry "GER"]
[SourceTitle "playchess.com"]
[Source "ChessBase"]
[SourceQuality "1"]

1. d4 Nf6 2. Nf3 g6 3. b4 a5 4. b5 Bg7 5. Bb2 d5 6. e3 O-O 7. Nbd2 a4 8. a3 Nbd7 9. c4 c6 10. Be2 cxb5 11. cxb5 Nb6 12. O-O Ne8 13. e4 dxe4 14. Nxe4 Be6 15. Nc5 Bd5 16. Rc1 Nd6 17. Nd2 e6 18. Ba1 Ra7 19. Re1 Bh6 20. Rb1 Bxg2 21. Kxg2 Qg5+ 22. Kf1 Qxd2 23. Qxd2 Bxd2 24. Red1 Bg5 25. Rb4 Nd5 26. Rxa4 Rxa4 27. Nxa4 Ra8 28. Nc3 Rxa3 29. Nxd5 exd5 30. Kg2 f5 31. Bf3 Ne4 0-1